000 00850cam a22002534i 4500
003 PE-LiUPU
005 20250731183339.0
008 150805s2012 sp a r 000 0 spa d
020 _a9789962040781
035 _a(Sirsi) a153926
082 0 4 _a747.852
_bS21
100 1 _aSánchez Vidiella, Alex,
_eautor.
245 1 3 _aLa biblia de los espacios comerciales /
_cÀlex Sánchez Vidiella, Daniela Santos Quartino.
264 1 _aMadrid :
_bLexus,
_c2012.
300 _a591 páginas :
_bilustraciones
526 _aP158
526 _aP146
526 _aP17
526 _aP12
526 _aP06
596 _a1
942 _2ddc
_cBOOK
999 _a747.852 S21
_wDEWEY
_c6631
_i70680
_d6631
_e2017-6-7
_f2021-11-10
_g7
_lCCODEBUL1
_mBUL
_n5
_q5
_r0
_sY
_tBOOK
_u2015-8-5
_xINGENIERIA
_PP06
_0COMPRA
_o.STAFF. Colección General
980 _81
_gALBERTO SANCHEZ Responsable de Automatización